00756nam a2200229Ia 450000500170000000800410001702000240005804000190008204100120010108200150011324500440012826000320017230000200020444000340022450400500025865000470030870000250035585000100038094200070039099900160039795201130041320230213142329.0131103s9999 xx 000 0 und d a140177566cGBP 6.99 aLoreto College aEnglish a820.9bPOL 4aThe Victoriancedited by Arthur Pollard aLondonbPenguin Booksc1987 a6v.(ix,582) p.  aPenguin history of literature aIncludes bibliographical references and index aEnglish Literature - history and Criticism aPollard, Arthur, ed. aLCLIB cBK c6805d57284 00102ddc4070aMAINbMAINd2013-11-04l4o820.9 POL 41070pB6675r2018-03-14s2018-03-14w2013-11-04yBKf